Bệnh sỏi đường tiết niệu
Sách nói về kỹ thuật cũng như kết quả và tai biến và biến chứng của phẫu thuật kinh điển cũng như các kỹ thuật hiện đại ít sang chấn được tác giải giới thiệu.
Gardado en:
| Autor Principal: | |
|---|---|
| Formato: | Libro |
| Idioma: | Vietnamese |
| Publicado: |
H.
Y học
2007
|
| Những chủ đề: | |
| Các nhãn: |
Engadir etiqueta
Sen Etiquetas, Sexa o primeiro en etiquetar este rexistro!
|
| Thư viện lưu trữ: | Thư viện Trường Đại học Nam Cần Thơ |
|---|
| LEADER | 01548nam a22002417a 4500 | ||
|---|---|---|---|
| 001 | NCT_60769 | ||
| 008 | 190228b xxu||||| |||| 00| 0 vie d | ||
| 999 | |c 2946 |d 2946 | ||
| 020 | |c 19000 | ||
| 082 | 0 | 4 | |2 23rd ed. |a 616.6 |b H312 |
| 100 | 1 | |a Trần Văn Hinh | |
| 245 | 1 | 0 | |a Bệnh sỏi đường tiết niệu |c Trần Văn Hinh |
| 260 | |a H. |b Y học |c 2007 | ||
| 300 | |a 119 tr. |b Minh họa |c 21cm | ||
| 520 | 3 | |a Sách nói về kỹ thuật cũng như kết quả và tai biến và biến chứng của phẫu thuật kinh điển cũng như các kỹ thuật hiện đại ít sang chấn được tác giải giới thiệu. | |
| 653 | |a Y Đa khoa | ||
| 942 | |2 ddc |c BK | ||
| 952 | |0 0 |1 0 |2 ddc |4 0 |6 616_600000000000000_H312 |7 0 |9 15890 |a 000001 |b 000001 |d 2019-02-28 |o 616.6 H312 |p MD.14696 |r 2019-02-28 |v 19000.00 |w 2019-02-28 |y BK | ||
| 952 | |0 0 |1 0 |2 ddc |4 0 |6 616_600000000000000_H312 |7 0 |9 15891 |a 000001 |b 000001 |d 2019-02-28 |o 616.6 H312 |p MD.14697 |r 2019-02-28 |v 19000.00 |w 2019-02-28 |y BK | ||
| 952 | |0 0 |1 0 |2 ddc |4 0 |6 616_600000000000000_H312 |7 0 |9 15892 |a 000001 |b 000001 |d 2019-02-28 |o 616.6 H312 |p MD.14698 |r 2019-02-28 |v 19000.00 |w 2019-02-28 |y BK | ||
| 952 | |0 0 |1 0 |2 ddc |4 0 |6 616_600000000000000_H312 |7 0 |9 15893 |a 000001 |b 000001 |d 2019-02-28 |o 616.6 H312 |p MD.14699 |r 2019-02-28 |v 19000.00 |w 2019-02-28 |y BK | ||
| 952 | |0 0 |1 0 |2 ddc |4 0 |6 616_600000000000000_H312 |7 0 |9 15894 |a 000001 |b 000001 |d 2019-02-28 |o 616.6 H312 |p MD.14700 |r 2019-02-28 |v 19000.00 |w 2019-02-28 |y BK | ||
| 980 | |a Thư viện Trường Đại học Nam Cần Thơ | ||